000 00847nam a2200337Ia 4500
005 20260514124402.0
008 008 261405s9999 xx 000 0 eng d
037 _aThesis
040 _aCRL
040 _beng
040 _cCRL
041 _2eng
041 _aeng
084 _qCRL
100 _aDr.Pradeep Raj S
_91239751
245 0 _aFactors Affecting Surgical Site Infection in Patients Undergoing Laparotomy.
260 _aDelhi
260 _bUniversity of Delhi
260 _c2016
300 _a94p.
502 _bPh.D.
502 _cUniversity of Delhi
502 _d2016
541 _oThesis
650 _aGeneral Surgery
700 _aDr.Anil Kumar Sarda
_91239736
700 _aDr.Chandra Bhushan Singh
_91239737
710 _aGeneral Surgery
_91239711
942 _cTH
999 _c1851787
_d1851787